| 000 | 00544nam a22001937a 4500 | ||
|---|---|---|---|
| 005 | 20250728152549.0 | ||
| 010 | _aENG-146232 | ||
| 020 | _a9789357319485 | ||
| 035 | _aEN-129764 | ||
| 037 | _bDBAD | ||
| 082 | _aS | ||
| 100 |
_aHamilton, Edith _983424 |
||
| 245 |
_aThe Greek Way/ _bHamilton Edith |
||
| 260 |
_aGurugram _bHachette Book Publishing India Pvt. Ltd. |
||
| 270 |
_bGurugram _a4th & 5th Floors, Corporate Centre, Plot No. 94, Sector 44 _e122003 |
||
| 300 |
_a265 p. _c19.7 cm |
||
| 700 | _976612 | ||
| 942 |
_2ddc _cEN _hS _mHAM |
||
| 999 |
_c212684 _d212684 |
||